Loading...

Gods without men/

Bibliographic Details
Main Author: Kunzru,Hari
Format: Printed Book
Published: London: Hamish Hamilton, 2011.
LEADER 00437nam a22001337a 4500
020 |a 9780241145319 
082 |a IE823 KUN/G 
100 |a Kunzru,Hari 
245 |a Gods without men/  |c Hari Kunzru 
260 |a London:  |b Hamish Hamilton,  |c 2011. 
300 |a 384p. 
942 |c BK 
999 |c 257554  |d 257554 
952 |0 0  |1 0  |4 0  |6 IE_823_000000000000000_KUN_G  |7 0  |9 286732  |a RUS  |b RUS  |c ST1  |d 2012-01-27  |g 0.00  |i 8017  |l 0  |o IE823 KUN/G  |p RUS8017  |r 2014-02-14  |w 2014-02-14  |y BK